000 00694nam a2200217 a 4500
001 BRCA_2039
005 20190320203639.0
008 010808s1997----sp-a---###---#000-0#spa-#
020 _a8423976513
050 4 _aG1021
_b.E63 1997
245 1 0 _aEnciclopedia universal ilustrada europeo-americana
_batlas mundial
_cdirector general Ricard Domingo ; cartografía Blauset S.L.
260 _aMadrid
_bEspasa-Calpe
_c1997
300 _a1 atlas (448 p.)
_bil. a color, mapas
_c37 cm.
500 _aIncluye índice toponímico
650 1 4 _aAtlas españoles
_96231
700 1 _aDomingo, Ricard
_96232
700 1 _aS.L., Blauset
_96233
740 0 _aatlas mundial
902 _aREF
942 _2lcc
_cB
999 _c1805
_d1805